| 000 | 01264cam a2200265 4500 | ||
|---|---|---|---|
| 008 | 000000n2001 000 0 eng u | ||
| 020 | _a0419256504 | ||
| 035 | _a(Sirsi) u111928 | ||
| 050 | _a711.58 | ||
| 100 | _aCarmona, Matthew | ||
| 245 | _aHousing design quality: through policy, guidance and review. | ||
| 260 |
_aLondon _bSpon Press _c2001 |
||
| 300 | _aviii, 349p. ; ill. ; 25cm. | ||
| 350 | _a35.00 | ||
| 520 | _aThis book looks at the major planning issues of delivery and quality for new housing development. As pressure for new housing development increases, a widespread desire to improve the design of the resulting residential environment becomes even more apparent with increasing condemnation of the standard products of the volume of house builders. The book focuses on the planning systems role in this process and in particular on how the various policy instruments available to public authorities can be used in a positive manor to deliver high quality residential developments. | ||
| 650 | _aHOUSING | ||
| 650 | _aPLANNING | ||
| 650 | _aRESIDENTIAL DEVELOPMENT | ||
| 650 | _aNEW BUILD | ||
| 650 | _aPPG3 | ||
| 650 | _aHOUSING DESIGN | ||
| 650 | _aHOUSING POLICY | ||
| 690 | _aPROPERTY-PROPERTY DEVELOPMENT | ||
| 942 | _n0 | ||
| 999 |
_c101310 _d101310 |
||